| 000 | 01235nam0a22003011 4500 | ||
|---|---|---|---|
| 001 | rc\3651002 | ||
| 005 | 20260408072651.0 | ||
| 021 |
_aRU _b71-34665 |
||
| 021 |
_aRU _bРг3171-72 |
||
| 035 | _a(NLR Aleph) 007734150 | ||
| 090 |
_a7087666 _c7087666 |
||
| 100 | _a20130115d1971 |||y0rusy50 ca | ||
| 101 | 0 | _arus | |
| 102 | _aRU | ||
| 105 | _ay z ||||| | ||
| 200 | 1 |
_aМосковский метрополитен им. В.И. Ленина _eМетод. пособие к обзорной экскурсии _fГл. упр. по иностр. туризму при Совете Министров СССР. Упр. информации |
|
| 210 |
_aМосква _cБ. и. _d1971 |
||
| 215 |
_a32 с. _d21 |
||
| 300 | _aНа 31-й с. сост.: Долгошлюбова Н.А. | ||
| 320 | _aБиблиогр.: с. 31 | ||
| 532 | 1 | 0 | _aМосковский метрополитен имени Владимира Ильича Ленина |
| 702 | 1 |
_aДолгошлюбова _bН.А. _4220 |
|
| 712 | 0 | 1 |
_aСССР _bУправление по иностранному туризму _3RU\NLR\AUTH\8810062805 _9627165 |
| 801 | 0 |
_aRU _bNLR _gpsbo |
|
| 801 | 1 |
_aRU _bELAR _2rusmarc |
|
| 852 |
_aNLR _j72-6/1089 |
||
| 942 | _cBOOK | ||
| 980 | _aNB | ||